Vito Acconci: escritos, obras, proyectos

Պահպանված է:
Մատենագիտական մանրամասներ
Հիմնական հեղինակ: Moure, Gloria (autora)
Ձևաչափ: Գիրք
Լեզու:իսպաներեն
Հրապարակվել է: Barcelona Ediciones Polígrafa 2001
Հրատարակություն:1a. ed
Շարք:Colección 20_21
Խորագրեր:
Ցուցիչներ: Ավելացրեք ցուցիչ
Չկան պիտակներ, Եղեք առաջինը, ով նշում է այս գրառումը!

MARC

LEADER 00000cam a2200000 a 4500
001 UCE1205
003 CL-VaPUC
008 140331e20010000sp |||||||||||||||||spa|d
020 |a 8434308894 
082 0 4 |a 759.13  |b MOU  |2 21 
100 |a Moure, Gloria  |e autora  |9 573565 
245 1 0 |a Vito Acconci: escritos, obras, proyectos 
250 |a 1a. ed 
300 |a 424 p 
942 |c BK 
945 |d 20140331 09:48:00  |a dcastane 
260 |a Barcelona  |b Ediciones Polígrafa  |c 2001 
650 0 |a Artistas estadounidenses   |9 519563 
650 0 |a Biografías  |9 255210 
650 0 |a Fotografías artísticas  |9 535989 
583 |a last modification  |c 20140331 09:48:00  |k Rodrigo Vera 
490 0 |a Colección 20_21 
999 |c 355084  |d 355082 
952 |0 0  |1 0  |3 erd  |4 0  |6 759_130000000000000_MOU_2001  |7 0  |8 R  |9 461444  |a BIBART  |b BIBART  |i 5065437  |l 2  |o 759.13 MOU 2001  |p 5065437  |r 2025-03-13  |s 2023-05-09  |w 2019-11-23  |y BK_R  |z Catalogado en:20140331  |k ART